• 首页
  • 本馆介绍
  • 公告通知
  • 最新文献
  • 馆藏检索
  • 电子资源
  • 读者导购
  • 参考咨询
  • 我的图书馆
  • 登录
  • 详细信息显示
  • 放入我的书架
  • 预约/预借图书
  • 作者相关作品
  • 分类相关作品
  • 丛书相关作品
  • 出版社相关作品

书目信息

  • 表格格式
  • 工作单格式
  • 卡片格式
题名:
轰炸东京
    
 
作者: 斯科特 著 ;银凡 译
分册:  
出版信息: 北京   民主与建设出版社  2016
页数: 450页
开本: 24cm
丛书名:
单 册:
中图分类: E712.9
科图分类:
主题词: 第二次世界大战战役--di er ci shi jie da zhan zhan yi--空战--美国--通俗读物
电子资源:
ISBN: 978-7-5139-1111-5
000 01177nam0 22002651 450
001 0109172413
005 20170309172413.0
010    @a978-7-5139-1111-5@dCNY58.00
100    @a20160919d2016 em y0chiy50 ea
101 1  @achi@ceng
102    @aCN@b110000
105    @aa z 000yy
106    @ar
200 1  @a轰炸东京@9hong zha dong jing@dTarget Tokyo@e1942,美国人的珍珠港复仇之战@zeng@f(美)詹姆斯·M. 斯科特著@g银凡译
210    @a北京@c民主与建设出版社@d2016
215    @a450页@c照片@d24cm
330    @a本书以激动人心的方式讲述了美国最著名而极具争议的军事行动:杜立特空袭。搜集了世界上四大洲不同档案馆中许多从未发表过的资料,加上对幸存者的最新采访。《轰炸东京》站在了一个制高点上来讲述这段二战历史:一个惨痛的冒险故事,同时也对美国历史上这次大胆的军事行动进行重新审视,意义重大。
510 1  @aTarget Tokyo@zeng
517 1  @a1942,美国人的珍珠港复仇之战@91942mei guo ren de zhen zhu gang fu chou zhi zhan
606 0  @a第二次世界大战战役@9di er ci shi jie da zhan zhan yi@x空战@y美国@j通俗读物
690    @aE712.9@v5
701  0 @c(美)@a斯科特@9si ke te@4著
702  0 @a银凡@9yin fan@4译
801  0 @aCN@bTANGWEI@c20170308
905    @b0953244-7@dE712.9@e93@f4
    
    轰炸东京=Target Tokyo:1942,美国人的珍珠港复仇之战/(美)詹姆斯·M. 斯科特著/银凡译.-北京:民主与建设出版社,2016
    450页:照片;24cm
    
    
    ISBN 978-7-5139-1111-5:CNY58.00
    本书以激动人心的方式讲述了美国最著名而极具争议的军事行动:杜立特空袭。搜集了世界上四大洲不同档案馆中许多从未发表过的资料,加上对幸存者的最新采访。《轰炸东京》站在了一个制高点上来讲述这段二战历史:一个惨痛的冒险故事,同时也对美国历史上这次大胆的军事行动进行重新审视,意义重大。
●
相关链接 在E读中查询图书 在五车中查询图书 在当当中查询图书 在豆瓣中查询图书


正题名:轰炸东京     索取号:E712.9/93         预约/预借

序号 登录号 条形码 馆藏地/架位号 状态 备注
1 0953244   209532442   第一样本阅览室/ [索取号:E712.9/93] 在馆    
2 0953245   209532451   第一借阅区/ [索取号:E712.9/93] 在馆    
3 0953246   209532460   第一借阅区/ [索取号:E712.9/93] 在馆    
4 0953247   209532479   第一借阅区/ [索取号:E712.9/93] 在馆    
唐山师范学院图书馆 欢迎您!
大连网信软件有限公司© 版权所有